000 00430nam a2200181Ia 4500
003 LK-CoDNM
008 010623t1990 xxu||||| |||| 00| 1 eng d
040 _aLK-CoDNM
_dLK-CoDNM
_eLK-CoDNM
041 _aeng
080 _a(x) 929.061.213 GAM
100 _aGamage, Venetia
245 _aMemories of Days gone by
260 _b
_c1990
300 _b58, 22 cm
650 _aBiography
650 _aVenetia Gamage
942 _cBK
999 _c114588
_d114588